Bandeiras por idiomas - Statistics

Estatísticas Gerais
  • Esse quiz foi jogado 404 vezes
  • A pontuação média é 12 de 15
Estatísticas das Respostas
Imagem Resposta % Correto
Japonês
100%
Português
100%
Inglês
99%
Sueco
96%
Francês
95%
Espanhol
94%
Italiano
94%
Coreano
88%
Turco
87%
Árabe
85%
Tailandês
81%
Russo
77%
Alemão
68%
Persa
54%
Hebraica
7%
Nenhum quiz correspondente encontrado
Distribuição das Pontuações
Porcentagem de Pessoas com Cada Pontuação
Percentil de Números Respondidos
Sua Pontuação Histórica
Você não jogou esse quiz